Temporal dimensions of landscape ecology : wildlife responses to variable resources (Record no. 9843)

000 -LEADER
fixed length control field 00439 a2200157 4500
003 - CONTROL NUMBER IDENTIFIER
control field OSt
005 - DATE AND TIME OF LATEST TRANSACTION
control field 20220303142141.0
008 - FIXED-LENGTH DATA ELEMENTS--GENERAL INFORMATION
fixed length control field 220303b ||||| |||| 00| 0 eng d
020 ## - INTERNATIONAL STANDARD BOOK NUMBER
International Standard Book Number 9780387454450
082 ## - DEWEY DECIMAL CLASSIFICATION NUMBER
Classification number 591.7
Item number BIS
100 ## - MAIN ENTRY--PERSONAL NAME
Personal name Bissonette, John A.; Storch, Ilse
245 ## - TITLE STATEMENT
Title Temporal dimensions of landscape ecology : wildlife responses to variable resources
260 ## - PUBLICATION, DISTRIBUTION, ETC. (IMPRINT)
Name of publisher, distributor, etc Springer
700 ## - ADDED ENTRY--PERSONAL NAME
Personal name Bissonette, John A.
942 ## - ADDED ENTRY ELEMENTS (KOHA)
Source of classification or shelving scheme
Holdings
Withdrawn status Lost status Source of classification or shelving scheme Damaged status Koha normalized classification for sorting Not for loan Permanent location Current location Date acquired Source of acquisition Cost, normal purchase price Full call number Barcode Date last seen Cost, replacement price Price effective from Koha item type
        591_700000000000000_BIS   BMS College of Architecture, Design and Planning BMS College of Architecture, Design and Planning 2022-03-03 4 11455.10 591.7 BIS AR-UG2426 2022-03-03 15273.47 2022-03-03 UG Books
Copyright © 2025, The Librarian, Library and Information Centre, BMSCA D&P, Bengaluru. All Rights Reserved
web counter

Powered by Koha